000 00648nam a2200241Ia 4500
003 OSt
005 20220924131659.0
006 a|||||r|||| 00| 0
007 ta
008 220923b |||||||| |||| 00| 0 hin d
024 _a38814
037 _cTextual
040 _aARTS
_cARTS
_bhin
041 _2hin
_ahin
082 _aO15v, 152L7
100 _aUpadhayaya Baldev
245 0 _aSanskrit sahitya ka sankchhipt iitihaas
260 _aVaranasi
_bSarda Sansthan
_c1977
300 _a11,349p.
_ccm.
650 _aENGLISH LITERATURE
942 _hO15v, 152L7
_cTEXL
_2CC
999 _c427838
_d427838